| 000 | 00412 a2200145 4500 | ||
|---|---|---|---|
| 005 | 20250623093546.0 | ||
| 020 | _a978-0-256-11449-2 | ||
| 082 | _aLM 621. 811 PAL | ||
| 100 | _aPALM, W. J. | ||
| 245 | _aSystem Dynamics | ||
| 260 |
_aBoston, _bMcGraw-Hill, _c2005. |
||
| 300 |
_axv, 928p.: figure. table. _bGlossary & Index. _c26cm. |
||
| 856 |
_yAccess Online Book _fSystem Dynamics _dwww.mhhe,com |
||
| 942 |
_2ddc _cBKS |
||
| 999 |
_c3189 _d3189 |
||